| 000 | 01396cam a2200301 a 4500 | ||
|---|---|---|---|
| 001 | 13814752 | ||
| 005 | 20160619102032.0 | ||
| 008 | 041214s2005 njua b 001 0 eng | ||
| 010 | _a 2004060873 | ||
| 020 | _a9788126515820 (acidfree paper) | ||
| 040 |
_aDLC _cDLC _dDLC |
||
| 050 | 0 | 0 |
_aTP155.7 _b.F44 2005 |
| 082 | 0 | 0 |
_a660.28 _222 _bFEL |
| 100 | 1 |
_95531 _aFelder, Richard M., _d1939- |
|
| 245 | 1 | 0 |
_aElementary principles of chemical processes / _cRichard M. Felder, Ronald W. Rousseau. |
| 250 | _a3rd ed. | ||
| 260 |
_aIndia : _bWiley, _cc2000. |
||
| 300 |
_axxvi, 675 p. : _bill. ; _c27 cm. + _e1 CD-ROM (4 3/4 in.) |
||
| 504 | _aIncludes bibliographical references and index. | ||
| 538 | _aSystem requirements for accompanying CD-ROM: Windows 95/98/NT 4.0. | ||
| 650 | 0 |
_aChemical processes. _95532 |
|
| 700 | 1 |
_aRousseau, Ronald W., _d1943- _95533 |
|
| 856 | 4 | 1 |
_3Table of contents only _uhttp://www.loc.gov/catdir/toc/wiley051/2004060873.html |
| 856 | 4 | 2 |
_3Contributor biographical information _uhttp://www.loc.gov/catdir/enhancements/fy0618/2004060873-b.html |
| 856 | 4 | 2 |
_3Publisher description _uhttp://www.loc.gov/catdir/enhancements/fy0618/2004060873-d.html |
| 942 |
_2ddc _cBB |
||
| 999 |
_c11669 _d11669 |
||